| 000 | 00642nam a22002177a 4500 | ||
|---|---|---|---|
| 005 | 20180508154955.0 | ||
| 008 | 180508b xxu||||| |||| 00| 0 eng d | ||
| 020 |
_a9788131608166 _cRs.1250.00 |
||
| 040 | _aLoreto College | ||
| 041 | _aEnglish | ||
| 082 |
_a338.9 _bKUM |
||
| 100 | _aKumbhar,R.K. | ||
| 245 |
_aHunger,deprivation and social exclusion _bA political economy perspective _cR.K.Kumbhar |
||
| 260 |
_aJaipur _bRawat Publications _c2017 |
||
| 300 |
_axiv,296p _b22cm |
||
| 504 | _aIncludes bibliographical references and index | ||
| 650 | _aMarginality,social | ||
| 650 |
_aPoverty _zOdisha |
||
| 850 | _aLCLIB | ||
| 942 | _cBK | ||
| 999 |
_c41548 _d92027 |
||